Statistics for Mighty Morphin' Power Rangers Theme Song Lyrics

Click here to take the quiz!

General Stats

  • This quiz has been taken 740 times
  • The average score is 27 of 60

Answer Stats

Lyrics% Correct
power
96%
Power
96%
Go
95%
go
95%
Rangers
93%
morph
87%
Mighty
85%
in
72%
Morphin'
72%
a
66%
The
61%
the
61%
You
60%
They
49%
to
48%
for
47%
and
44%
and
44%
on
44%
got
41%
No
40%
No
40%
before
39%
ever
39%
ever
39%
force
39%
never
38%
seen
38%
their
38%
them
38%
them
38%
They've
38%
down
37%
down
37%
one
37%
one
37%
that
37%
take
36%
take
36%
ability
35%
can
35%
can
35%
even
35%
score
35%
side
35%
up
34%
lies
33%
will
33%
you've
33%
is
30%
of
29%
know
28%
world
28%
fate
25%
hands
25%
use
24%
only
23%
weapons
23%
lying
22%
defense
21%

Score Distribution

Percentile by Number Answered

Percent of People with Each Score

Your Score History

You have not taken this quiz